000 01354nam a2200253 i 4500
001 000028600
003 DO-SdBNP
005 20230918113409.0
006 a||||gr|||| 00| 0
007 ta
008 110411s1945 dr c 000 0 spa d
040 _aDO-SdBNP
_bspa
_cBNPHU
_erda
082 4 _bC749e
_222
111 2 _aCongreso de Estudiantes Normalistas Dominicanos
_n(1a. :
_d1945:
_cLa Vega, República Dominicana)
_955552
_jautor
245 1 0 _aMemoria. /
264 _aLa Vega, República Dominicana :
_bLa Nación,
_c1945
300 _a169 páginas :
_bIlustraciones, retrato. ;
_c21 cm.
336 _2rdacontent
_atexto
_btxt
337 _2rdamedia
_asin mdiación
_bn
338 _2rdacarrier
_avolumen
_bnc
505 _aLiminar.
_tLa iniciativa.-- Agenda.-- Reglamento.-- Programa.-- Relación de los delegados.-- Presidencia del Congreso.-- comisiones.-- Discursos de la sesión inaugural. / Eliseo de Peña Durán. / Mercedes Herrera Montás. / José Alejandro Hernández. / Carlos Bienvenido Montás. / Juan Bautista Santos.-- Mensaje al Presidente Trujillo.-- Resumen de las sesiones y de los actos del Congreso.-- Huéspedes Distinguidos.-- Resolución del Congreso Normalista.-- Discurso de clausura por José Ramón Hernández Lebrón-- Temas y autores de las mociones.-- Acto final.
590 _aInventariado 2023 / MF
942 _2ddc
_cLBS1
999 _c28092
_d28092